| 000 | 00674nam a22002057a 4500 | ||
|---|---|---|---|
| 999 |
_c13317 _d13317 |
||
| 003 | AR-CdUCM | ||
| 008 | 190411b ||||| |||| 00| 0 spa d | ||
| 040 |
_aMUNICIPALIDAD PROVINCIAL DEL CUSCO _cBIBLIOTECA MUNICIPAL DEL CUSCO |
||
| 082 |
_a511.3 / _bB85 |
||
| 100 |
_aBruño _931676 |
||
| 245 | _aCalculo comercial / | ||
| 260 |
_aEspaña : _bBruño, |
||
| 300 |
_a507 páginas ; _c20 cm. _bTablas, |
||
| 505 | _aContenido : Operaciones abreviadas -- Sistema métrico decimal -- Medidas de longitud -- Medidas de superficie ... | ||
| 650 |
_aTablas _921447 |
||
| 650 |
_aCalculo _918765 |
||
| 650 |
_aMedidas _927424 |
||
| 942 |
_2ddc _cLIBROS |
||
| 945 |
_arah _d11/04/2019 |
||